000 01041cab a2200265 4500
001 WB2839-63
008 090401t1992 xxu||||| |||| 00| 0 eng d
035 _a(Sirsi) u33030
041 _aeng
245 _aSet-aside mapping muddle must end
260 _c1992
350 _a0
490 _aRICS Press Release
_vPR128/92 2 October 1992
490 _aNational Farmers Union News
_v28 September 1992 (3)
520 _aWidespread confusion among farmers over the maps they must submit to MAFF under the new arable payments scheme must be ended if reforms to Common Agricultural Policy (CAP) are to go ahead so says the RICS. Gives details of the new farm mapping service set up by the National Farmers` Union (NFU) and the Ordnance Survey to help comply with the new arable set-aside scheme.
650 _aCAP REFORM
650 _aFARMING AND FARM DIVERSIFICATION
650 _aMAPS
650 _aORDNANCE SURVEY
650 _aSET-ASIDE
690 _aMAPPING
690 _aRURAL PRACTICE
942 _n0
948 _c04/03/1997
999 _c22074
_d22074